000 00773nam0a22002411 4500
001 rc\4626296
005 20250611212028.0
021 _aRU
_b97-ВП-3584/15
035 _a(NLR Aleph) 008402528
090 _a9245055
_c9245055
100 _a20130416d1961 |||y0rusy50 ca
101 0 _arus
102 _aRU
105 _ay z |||||
200 1 _aОтчет о командировке в Венгрию
_fАкад. наук СССР. Всесоюз. ин-т науч. и техн. информации
210 _aМосква
_cБ. и.
_d1961
215 _a6 с.
_d29
700 1 _aСевортян
_bЭ.В.
_f1901-
_gЭрванд Владимирович
801 0 _aRU
_bNLR
_gpsbo
801 1 _aRU
_bELAR
_2rusmarc
852 _aNLR
_j61-8/1844
942 _cBOOK
980 _aNB